000 00815nam a2200241Ia 4500
003 GCL
008 140319s9999 xx 000 0 ara d
040 _aGCL /
_cGCL
082 0 4 _a327.172
_bست
100 1 _aسامى منصور
245 1 0 _aتجارةالسلاح والامن القومى العربى دور العملاقين - أسرار المافيا- رشاوى الكبار /
_cسامى منصور
260 _a[S.N] :
_bمكتبة مدبولى
300 _a326 ص
490 _aبطولات اسلامية
_v0
650 0 4 _aالعالم العربى
650 0 4 _aالتجارة
650 0 4 _aالاسلحة
650 0 4 _aالامن القومى
650 0 4 _aصناعة وتجارة
650 0 4 _aالقوى العظمى
650 0 4 _aالسياسة العسكرية
942 _2ddc
_cBK
999 _c30000
_d30000